| 000 | 00844nam a22002657a 4500 | ||
|---|---|---|---|
| 001 | 81090 | ||
| 003 | BD-RjUL | ||
| 005 | 20230121160035.0 | ||
| 008 | 230117s1956 s ||||| |||| 00| 0 ar d | ||
| 035 | _a(BD-RjUL)81090 | ||
| 040 |
_aBD-RjUL _beng _cBD-RjUL |
||
| 041 | _aara | ||
| 082 |
_223 _a181.07092 _bQAI 1956 |
||
| 100 |
_a:Qamair, yuhanaa قمير، يوحنا _96609 |
||
| 245 |
_aابن سينا : دراسة، مختارات Ibn sina dirasatu-mukhtarat / _cyuhanaa Qamair, يوحنا قمر |
||
| 250 | _aط. 2، منقحة | ||
| 260 |
_aLahore : _bMatbaat al Kasulyah, _c1956 |
||
| 300 |
_a92 p. ; _c21 cm |
||
| 490 |
_aفلاسفة العرب ; _v10 |
||
| 600 |
_aIbn Sina _96448 |
||
| 650 |
_aIslam and philosophy _94662 |
||
| 650 | _aPhilosophers | ||
| 830 |
_aفلاسفة العرب ; _v10 |
||
| 942 |
_2ddc _cBK |
||
| 999 |
_c81090 _d81090 |
||